000
00342 a2200169 4500
001
194877
020
_a
978-85-60354-10-8
040
_c
Magnum
100
_a
RAMOS, Cleide
240
1
0
_a
Voa, João
_l
por
245
1
0
_a
Voa, João
300
_a
24
362
0
_a
2015
440
1
_a
MultiRio
697
_a
LITERATURA INFANTIL
942
_c
BK
999
_c
194877
_d
194877